000 01168cam a22003378i 4500
999 _c57514
_d57514
001 18344213
005 20200701133217.0
008 141022s2015 enk b 001 0 eng
010 _a 2014041487
020 _a9781292076683
040 _aDLC
_beng
_cDLC
_erda
042 _apcc
050 0 0 _aTJ163.12
_b.B65 2015
080 _a621 B-74
082 0 0 _a621
_223
100 1 _aBolton, W.
_q(William),
_d1933-
_98936
245 1 0 _aMechatronics :
_ba multidisciplinary approach /
_cWilliam Bolton.
250 _aSixth edition.
263 _a1503
264 1 _aHarlow, England ;
_aNew York :
_bPearson,
_c2015.
300 _apages cm
336 _atext
_btxt
_2rdacontent
337 _aunmediated
_bn
_2rdamedia
338 _avolume
_bnc
_2rdacarrier
504 _aIncludes bibliographical references and index.
650 0 _aMechatronics.
_98937
653 _aელექტრონული კონტროლის სისტემები მექანიკაში და ელექტროენერგიაში
906 _a7
_bcbc
_corignew
_d1
_eecip
_f20
_gy-gencatlg
942 _2udc
_cBK
955 _brk09 2014-10-22
_irk09 2014-10-22